English pronouncing dictionary / (Record no. 346980)
[ view plain ]
| 000 -LEADER | |
|---|---|
| fixed length control field | 01400 a2200205 4500 |
| 020 ## - INTERNATIONAL STANDARD BOOK NUMBER | |
| International Standard Book Number | 0521459036 (paperback) |
| 020 ## - INTERNATIONAL STANDARD BOOK NUMBER | |
| International Standard Book Number | 9780725103972 (paperback) |
| 082 04 - DEWEY DECIMAL CLASSIFICATION NUMBER | |
| Classification number | 423.1 |
| 090 ## - LOCALLY ASSIGNED LC-TYPE CALL NUMBER (OCLC); LOCAL CALL NUMBER (RLIN) | |
| -- | 4537 |
| -- | 4537 |
| 100 1# - MAIN ENTRY--PERSONAL NAME | |
| Personal name | Jones, Daniel. |
| 245 10 - TITLE STATEMENT | |
| Title | English pronouncing dictionary / |
| Statement of responsibility, etc. | Daniel Jones, Peter Roach, James Hartman. |
| 250 ## - EDITION STATEMENT | |
| Edition statement | 15th ed. |
| 260 ## - PUBLICATION, DISTRIBUTION, ETC. | |
| Place of publication, distribution, etc. | [S.l.] : |
| Name of publisher, distributor, etc. | Cambridge University Press, |
| Date of publication, distribution, etc. | 1997. |
| 300 ## - PHYSICAL DESCRIPTION | |
| Extent | 581 p. ; |
| Dimensions | 23 cm. |
| 520 ## - SUMMARY, ETC. | |
| Summary, etc. | A major new edition of the classic guide to English pronunciation: *Over 18, 000 new entries added *Full coverage of North American pronunciation *New, clearer layout *Stress patterns of thousands of compounds and idioms Areas of coverage have been selected to reflect today's interests and needs, and, as well as general vocabulary, include: *People: from ancient times to people in the news today *Places: thousands of British and US place names as well as major towns and cities of the world *Science and technology: including computing, medicine and communications * Literature: authors, place names and characters from major works of literature *Encyclopedic: religions, philosophies, historic events All pronunciations use the International Phonetic Alphabet. |
| 700 1# - ADDED ENTRY--PERSONAL NAME | |
| Personal name | Roach, Peter. |
| 700 1# - ADDED ENTRY--PERSONAL NAME | |
| Personal name | Hartman, James. |
| 856 40 - ELECTRONIC LOCATION AND ACCESS | |
| Materials specified | Amazon.com |
| Uniform Resource Identifier | <a href="http://www.amazon.com/exec/obidos/ASIN/0521459036/chopaconline-20">http://www.amazon.com/exec/obidos/ASIN/0521459036/chopaconline-20</a> |
| 942 ## - ADDED ENTRY ELEMENTS (KOHA) | |
| Institution code [OBSOLETE] | NBS |
| Koha item type | Book |
| Call number prefix | 423 JON |
| Withdrawn status | Lost status | Damaged status | Not for loan | Permanent Location | Current Location | Date acquired | Total Checkouts | Full call number | Barcode | Date last seen | Date last checked out | Price effective from | Koha item type |
|---|---|---|---|---|---|---|---|---|---|---|---|---|---|
| Central Library (CL) | Central Library (CL) | 08/28/2013 | 2 | 423 JON | NBS214 | 11/23/2017 | 08/24/2017 | 08/28/2013 | Reference |
